Państwa nad Morzem Śródziemnym - nagła śmierć - Statystyki

Ogólne statystyki
  • Ten quiz został rozwiązany 222 razy
    207 od ostatniego zresetowania
  • Średni wynik to 15 z 21
Answers on the Grid
Answers color-coded by a green-red scale on the quiz's grid according to % correct below.
Albania
Algieria
Andora
Angola
Austria
Bułgaria
Chiny
Chorwacja
Cypr
Czarnogóra
Egipt
Francja
Grecja
Bośnia i Hercegowina
Hiszpania
Islandia
Izrael
Jamajka
Japonia
Kamerun
Kiribati
Liban
Libia
Macedonia Północna
Madagaskar
Malta
Maroko
Monako
Mongolia
Mozambik
Nigeria
Palau
Rumunia
Saint Lucia
Samoa
San Marino
Serbia
Słowenia
Sudan Południowy
Syria
Szwajcaria
Timor Wschodni
Tonga
Tunezja
Turcja
Urugwaj
Watykan
Węgry
Włochy
Wybrzeże Kości Słoniowej
 
Statystyki odpowiedzi
Odpowiedź % Poprawnych
Grecja
91%
Albania
88%
Cypr
88%
Francja
84%
Hiszpania
84%
Włochy
84%
Chorwacja
81%
Malta
81%
Bośnia i Hercegowina
75%
Czarnogóra
75%
Algieria
72%
Egipt
72%
Maroko
72%
Monako
72%
Turcja
72%
Izrael
66%
Tunezja
63%
Libia
59%
Słowenia
59%
Liban
50%
Syria
34%
Nie znaleziono quizów pasujących do podanych kryteriów
Rozkład punktacji
Procent ludzi z każdym wynikiem
Percentyl według liczby udzielonych odpowiedzi
Twoja historia wyników
Nie rozwiązałeś tego quizu od ostatniego zresetowania